000 00699nam a2200217 a 4500
005 20231128063923.0
008 991125s1987 mx 000 0 spa u
020 _a9682916275
035 _aUPN01000026486
040 _aMx-MxUPN
_bspa
_cMX-MxUPN
050 4 _aPQ7104
_bL57 no.103
100 1 _aVilloro, Luis,
_d1922-2014
245 1 4 _aLos grandes momentos del indigenismo en México /
_cLuis Villoro.
250 _aPrimera edición
260 _aMéxico :
_bSecretaría de educación Pública :
_bCIESAS,
_c1987.
300 _a248 páginas
490 _aLecturas mexicanas. Segunda serie ;
_v103
650 4 _aIndígenas de México
_xHistoria
_912765
905 _aLibro
942 _2lcc
_cLIBRO
999 _c26486
_d26486